Automated inspection and quality assurance / (Record no. 608995)
[ view plain ]
| 000 -LEADER | |
|---|---|
| fixed length control field | 01122pam a2200277 a 4500 |
| 001 - CONTROL NUMBER | |
| control field | 1965394 |
| 005 - DATE AND TIME OF LATEST TRANSACTION | |
| control field | 20240429112434.0 |
| 008 - FIXED-LENGTH DATA ELEMENTS--GENERAL INFORMATION | |
| fixed length control field | 880629s1989 nyua b 001 0 eng |
| 010 ## - LIBRARY OF CONGRESS CONTROL NUMBER | |
| LC control number | 88022699 |
| 020 ## - INTERNATIONAL STANDARD BOOK NUMBER | |
| International Standard Book Number | 0824780027 (alk. paper) |
| 040 ## - CATALOGING SOURCE | |
| Original cataloging agency | DLC |
| Transcribing agency | DLC |
| Modifying agency | DLC |
| 050 00 - LIBRARY OF CONGRESS CALL NUMBER | |
| Classification number | TS156.2 |
| Item number | .R62 1989 |
| 082 00 - DEWEY DECIMAL CLASSIFICATION NUMBER | |
| Classification number | 670.425 |
| Edition number | 19 |
| Author Mark | ROB |
| 100 1# - MAIN ENTRY--PERSONAL NAME | |
| Personal name | Robinson, Stanley L. |
| 9 (RLIN) | 122513 |
| 245 10 - TITLE STATEMENT | |
| Title | Automated inspection and quality assurance / |
| Statement of responsibility, etc. | Stanley L. Robinson, Richard K. Miller. |
| 260 ## - PUBLICATION, DISTRIBUTION, ETC. | |
| Place of publication, distribution, etc. | New York : |
| Name of publisher, distributor, etc. | M. Dekker ; |
| Place of publication, distribution, etc. | Milwaukee : |
| Name of publisher, distributor, etc. | ASQC Quality Press, |
| Date of publication, distribution, etc. | c1989. |
| 300 ## - PHYSICAL DESCRIPTION | |
| Extent | xii, 256 p. : |
| Other physical details | ill. ; |
| Dimensions | 24 cm. |
| 440 #0 - SERIES STATEMENT/ADDED ENTRY--TITLE | |
| Title | Quality and reliability ; |
| Volume/sequential designation | 16 |
| 9 (RLIN) | 99579 |
| 504 ## - BIBLIOGRAPHY, ETC. NOTE | |
| Bibliography, etc. note | Includes bibliographies and index. |
| 650 #0 - SUBJECT ADDED ENTRY--TOPICAL TERM | |
| Topical term or geographic name entry element | Engineering inspection |
| General subdivision | Automation. |
| 9 (RLIN) | 122514 |
| 700 1# - ADDED ENTRY--PERSONAL NAME | |
| Personal name | Miller, Richard K. |
| Fuller form of name | (Richard Kendall), |
| Dates associated with a name | 1946- |
| 9 (RLIN) | 122515 |
| 856 42 - ELECTRONIC LOCATION AND ACCESS | |
| Materials specified | Publisher description |
| Uniform Resource Identifier | <a href="http://www.loc.gov/catdir/enhancements/fy0647/88022699-d.html">http://www.loc.gov/catdir/enhancements/fy0647/88022699-d.html</a> |
| 906 ## - LOCAL DATA ELEMENT F, LDF (RLIN) | |
| a | 7 |
| b | cbc |
| c | orignew |
| d | 1 |
| e | ocip |
| f | 19 |
| g | y-gencatlg |
| 942 ## - ADDED ENTRY ELEMENTS (KOHA) | |
| Source of classification or shelving scheme | |
| Koha item type | Book |
| Withdrawn status | Lost status | Source of classification or shelving scheme | Damaged status | Not for loan | Permanent Location | Current Location | Shelving location | Date acquired | Total Checkouts | Full call number | Barcode | Date last seen | Price effective from | Koha item type |
|---|---|---|---|---|---|---|---|---|---|---|---|---|---|---|
| School of Mechanical & Manufacturing Engineering (SMME) | School of Mechanical & Manufacturing Engineering (SMME) | General Stacks | 04/29/2024 | 670.425 ROB | SMME-3780 | 04/29/2024 | 04/29/2024 | Book |
